000 01431nam a2200349 c 4500
003 BLK
005 20210122113135.0
008 180408b bul|||||r ||||||| ||bul||
010 _aKNG00065697000
040 _aBLK
041 _aBUL
_cBUL
080 _aОсновни и общи проблеми на математиката. Основи и логика
_b510
_x
_z510
700 1 _aПенков, Боян
_eсъстав. и ред.
_9370053
139 _aПроблеми на съвременната математика
_bП 89
245 1 0 _aПроблеми на съвременната математика
_bСб. прев. статии : Т. 1 -
_cсъстав. и ред. Боян Пенков.
_nТ. 2
257 _aBGR
260 София
_bНаука и изкуство
_c1973 -
_fЯмбол : Г. Димитров
300 _c25 см
380 _a5
650 4 _aМатематика
_9161297
653 _aматематика
653 _aматематическа логика
653 _aмножества
653 _aтеореми
653 _aматематическа лингвистика
760 1 _d1974
_h247 с. : с черт.
_nБиблиогр. след статиите. - Именен показалец
_tТ. 2
852 _aЦб 67576
856 4 _qpdf
_u
856 4 _qpdf
_u
942 _cKNG
_n0
_01
944 _aCR
_c13.06.2004
_kНаталия_Медовщикова
944 _aED
_c11.12.2006
_k
999 _c61495
_d61495